000 00793nam a2200205 a 4500
003 0
005 20250620112317.0
008 021115s19uu xx 00 eng d
050 _aPGS ML 3920
_b.Ag283 1999
100 _aAguilan, Louise Anne Karemina P.
245 _aMusic preferences of Southville International School high school students SY 1998-1999 /
_cLouise Anne Karemina P. Aguilan,
260 _aLas PiƱas City, Philippines :
_bSouthville International School and Colleges,
_c1999.
300 _a31 pages :
_bcolored illustrations ;
_c28 cm.
504 _aIncludes bibliographical references.
650 _aMusic
_vPsychological aspects.
650 _aMusic preferences.
650 _aHigh school students
_vAttitudes.
650 _aMusic and teenagers.
942 _2lcc
_cPASS
999 _c96171
_d96171